Loading...
| History - World | 0 | 2 | 0 | 1 | 20 | 65 | 86.50 | 0 | 0 | 0.00 | 0.00 |
| Science - Biology | 0 | 2 | 1 | 1 | 15 | 37 | 67.00 | 1 | 1 | 0.00 | 0.00 |
| Mythology | 0 | 1 | 0 | 1 | 10 | 106 | 106.00 | 0 | 0 | 0.00 | 0.00 |
| Philosophy | 0 | 1 | 0 | 0 | 10 | 102 | 102.00 | 0 | 0 | 0.00 | 0.00 |
| History - American | 0 | 1 | 0 | 0 | 10 | 69 | 69.00 | 1 | 1 | 0.00 | 0.00 |
| Literature - British | 0 | 1 | 0 | 0 | 10 | 71 | 71.00 | 0 | 1 | 0.00 | 0.00 |
| Philosophy | 0 | 1 | 0 | 1 | 10 | 120 | 120.00 | 0 | 0 | 0.00 | 0.00 |
| Science - Physics | 0 | 1 | 0 | 0 | 10 | 72 | 72.00 | 0 | 1 | 0.00 | 0.00 |
| Literature - World | 0 | 1 | 0 | 1 | 10 | 122 | 122.00 | 0 | 0 | 0.00 | 0.00 |
| Religion | 0 | 1 | 1 | 1 | 5 | 108 | 108.00 | 0 | 0 | 0.00 | 0.00 |